Crisis y conflicto en el capitalismo latinoamericano: lecturas políticas /

Bewaard in:
Bibliografische gegevens
Hoofdauteur: Levy, Bettina
Coauteurs: CLACSO, Asdi
Andere auteurs: comp
Formaat: Texto
Gepubliceerd in: Buenos Aires: CLACSO
Onderwerpen:
Tags: Voeg label toe
Geen labels, Wees de eerste die dit record labelt!

MARC

LEADER 00000 a a2200000 04500
001 28581
003
040
020 |a 950-9231-80-0  
090 |a 189110  
100 |a Levy, Bettina  
110 |a CLACSO  
245 |a Crisis y conflicto en el capitalismo latinoamericano: lecturas políticas /  |c CLACSO  
260 |a Buenos Aires:   |b CLACSO  
300 |a 355 p  
650 |a CONFLICTOS ETNICOS  
650 |a GRUPOS ETNICOS  
650 |a DISCURSOS  
650 |a PARTIDOS POLITICOS  
650 |a FACTORES CULTURALES  
650 |a ESTADO  
650 |a NACION  
700 |a comp  
710 |a Asdi  
999 |c 7425  |d 7425